Verso una scuola inclusiva : linee guida rivolte ad insegnanti e educatori per comprendere le conseguenze negative dell'omofobia e imparare a combatterle /

Enregistré dans:
Détails bibliographiques
Autres auteurs: Carrasco, Jean-Pierre
Format: Livre
Langue:italien
Publié: [S.l.]: Unione europea. Progetto Socrates-Comenius, [200.]
Tags: Ajouter un tag
Pas de tags, Soyez le premier à ajouter un tag!

MARC

LEADER 00000nam a22000007i 4500
001 IT\ICCU\TO0\1451102
003 ItRI
005 20260115232421.0
008 051116q20002005un |||||| ||||| |||||c
040 |b ita  |c importazione bologna sebina 
041 7 |a ita  |2 ISO-639-2 
245 0 0 |a Verso una scuola inclusiva :  |b linee guida rivolte ad insegnanti e educatori per comprendere le conseguenze negative dell'omofobia e imparare a combatterle /  |c [a cura di Jean-Pierre Carrasco ... et al.]. 
246 1 1 |a T.I.S. Towards an inclusive school  |9 IT\ICCU\TO0\1451103 
260 |a [S.l.]: Unione europea. Progetto Socrates-Comenius,  |c [200.] 
300 |a 36 p. :  |b ill. ;  |c 21 cm 
700 1 |a Carrasco, Jean-Pierre  |0 IT\ICCU\TO0V\557416 
942 |2 ddc  |c BK  |n 0 
952 |0 0  |1 0  |4 0  |6 DOC_371_307000000000000_CAR  |7 0  |9 25478  |a BO  |b BO  |d 2026-01-15  |i 11870  |l 0  |o DOC 371.307 CAR  |p BO11870  |r 2026-01-15 23:24:21  |w 2026-01-15  |x [Sebina 5] [1 v.]  |y BK  |z 1 v. 
999 |c 21632  |d 21632